Dejepis pre 6. ročník základnej školy

Podrobná bibliografia
Hlavný autor: Mihaljčić, Rade (Autor)
Ďalší autori: Čelovský, Samuel, 1950- (Prispievateľ, Prekladateľ), Šuica, Marko (Kartograf)
Médium: Kniha
Jazyk:slovenčina
srbčina
Fyzický popis:159 s. ilustr. 27 cm
Vydavateľské údaje: Beograd Zavod za udžbenike c2009
ISBN:9788617163905
Vydanie:1. vyd.
Predmet:

MARC

LEADER 00000nam a2200000 a 4500
001 vtls010186332
003 SK-MaSNL
005 20260301084057.0
008 240315s2009 rb a a 000 0 slo
015 |a SNBZSA2011-00926 
020 |a 9788617163905  |q (brož.) 
035 |a 0C3A23D3-CA3F-4D1F-AF19-F7EB237B5808 
035 |a urn:nbn:sk:snk-amkwwf 
035 |a urn:nbn:sk:snk-am0082n9 
040 |a SNK  |b slo  |c SNK  |e AACR2 
041 1 |a slo  |h srp 
044 |a rb  |c RS 
072 7 |a 37.016  |x Učebné osnovy. Vyučovacie predmety. Učebnice  |2 konspekt 
080 |a 37.016:94  |x (075.2)  |x (076.5)  |2 2001 
100 1 |a Mihaljčić, Rade  |4 aut  |9 411914 
245 1 0 |a Dejepis pre 6. ročník základnej školy  |c Rade Mihaljčić ; [preložil a napísal dodatok z národných dejín Slovákov Samuel Čelovský ; autori máp Rade Mihaljčić, Marko Šuica] 
246 3 |a Dejepis 6 
250 |a 1. vyd. 
260 |a Beograd  |b Zavod za udžbenike  |c c2009 
300 |a 159 s.  |b ilustr.  |c 27 cm 
650 0 7 |a dejepis  |2 snkph  |9 4288 
655 7 |a učebnice základných škôl  |2 snkph  |9 70187 
700 1 |a Čelovský, Samuel,  |d 1950-  |4 ctb  |4 trl  |9 238885 
700 1 |a Šuica, Marko  |4 ctg  |9 411915 
919 |a 978-86-17-16390-5 
958 |a OND 
958 |a ZS 
958 |a OP 
958 |a RS 
958 |a NM 
999 |c 662439  |d 664369 
952 |a SNK  |b SNK  |y PREZ  |7 0  |p 17A0680436  |o snkSB 80539  |i snk2010/26044  |8 2  |g 6.00  |0 0  |1 0  |4 0  |d 2010-11-05  |f 1  |l 0  |r 2017-06-30 00:00:00  |w 2026-02-23 
952 |a SNK  |b SNK  |y VYP  |7 0  |p 17A0834226  |o snkSB 80539 D1  |i snk2011/24731  |8 2  |g 6.00  |0 0  |1 0  |4 0  |d 2011-11-04  |l 0  |r 2016-06-30 00:00:00  |w 2026-02-23